<?xml version="1.0" encoding="UTF-8"?>
<collection xmlns="http://www.loc.gov/MARC21/slim">
<record>
  <controlfield tag="001">359584</controlfield>
  <controlfield tag="005">20260304232653.0</controlfield>
  <datafield tag="024" ind1="7" ind2=" ">
    <subfield code="a">10.1016/j.adro.2025.101783</subfield>
    <subfield code="2">doi</subfield>
  </datafield>
  <datafield tag="024" ind1="7" ind2=" ">
    <subfield code="a">10.15120/GSI-2025-00765</subfield>
    <subfield code="2">datacite_doi</subfield>
  </datafield>
  <datafield tag="024" ind1="7" ind2=" ">
    <subfield code="a">40486289</subfield>
    <subfield code="2">pmid</subfield>
  </datafield>
  <datafield tag="037" ind1=" " ind2=" ">
    <subfield code="a">GSI-2025-00765</subfield>
  </datafield>
  <datafield tag="041" ind1=" " ind2=" ">
    <subfield code="a">English</subfield>
  </datafield>
  <datafield tag="082" ind1=" " ind2=" ">
    <subfield code="a">610</subfield>
  </datafield>
  <datafield tag="100" ind1="1" ind2=" ">
    <subfield code="a">Totis, Cristina</subfield>
    <subfield code="0">P:(DE-Ds200)OR10627</subfield>
    <subfield code="b">0</subfield>
    <subfield code="e">First author</subfield>
  </datafield>
  <datafield tag="245" ind1=" " ind2=" ">
    <subfield code="a">Induction of Cytoplasmic dsDNA and cGAS-STING Immune Signaling After Exposure of Breast Cancer Cells to X-ray or High-Energetic Carbon Ions</subfield>
  </datafield>
  <datafield tag="260" ind1=" " ind2=" ">
    <subfield code="a">Amsterdam</subfield>
    <subfield code="c">2025</subfield>
    <subfield code="b">Elsevier</subfield>
  </datafield>
  <datafield tag="336" ind1="7" ind2=" ">
    <subfield code="a">article</subfield>
    <subfield code="2">DRIVER</subfield>
  </datafield>
  <datafield tag="336" ind1="7" ind2=" ">
    <subfield code="a">Output Types/Journal article</subfield>
    <subfield code="2">DataCite</subfield>
  </datafield>
  <datafield tag="336" ind1="7" ind2=" ">
    <subfield code="a">Journal Article</subfield>
    <subfield code="b">journal</subfield>
    <subfield code="m">journal</subfield>
    <subfield code="0">PUB:(DE-HGF)16</subfield>
    <subfield code="s">1772637724_332469</subfield>
    <subfield code="2">PUB:(DE-HGF)</subfield>
  </datafield>
  <datafield tag="336" ind1="7" ind2=" ">
    <subfield code="a">ARTICLE</subfield>
    <subfield code="2">BibTeX</subfield>
  </datafield>
  <datafield tag="336" ind1="7" ind2=" ">
    <subfield code="a">JOURNAL_ARTICLE</subfield>
    <subfield code="2">ORCID</subfield>
  </datafield>
  <datafield tag="336" ind1="7" ind2=" ">
    <subfield code="a">Journal Article</subfield>
    <subfield code="0">0</subfield>
    <subfield code="2">EndNote</subfield>
  </datafield>
  <datafield tag="500" ind1=" " ind2=" ">
    <subfield code="a">This is an open access article under the CC BY license (http://creativecommons.org/licenses/by/4.0/).</subfield>
  </datafield>
  <datafield tag="520" ind1=" " ind2=" ">
    <subfield code="a">Radiation therapy can trigger activation of the cyclic GMP-AMP synthase (cGAS)- Stimulator of interferon genes (STING) axis via cytoplasmic dsDNA fragment induction. The activation of cGAS-STING initiates innate immune signaling mediated by interferon type I that can contribute to eradicate the malignancy. The effect was shown to depend on the fractionation scheme employed. We hypothesized that the innate immune response can also depend on radiation quality because densely ionizing radiation, such as carbon ions, have different effects on DNA lesion quality.We exposed an in vitro 4T1 breast cancer model to either photons or carbon ions and measured the clonogenic survival of cells with the colony-forming assay. The occurrence of cytosolic dsDNA fragments was assessed via immunofluorescence, whereas the expression and release of interferon-β by quantitative reverse transcription polymerase chain reaction and enzyme-linked immunosorbent assay. Bulk RNA sequencing was used to investigate global radiation-induced changes in gene expression.We show here that carbon ions induced a significantly higher yield of cytosolic dsDNA fragments per unit dose as compared to photons. The higher efficiency also translated in expression and release of interferon-β by the tumor cells. The rate of cytoplasmic dsDNA foci as well as interferon-β release increased with doses up to 20 Gy and no differences for a fractionation scheme (3 × 8 Gy) were found as compared to the single high doses (20 or 24 Gy) of photons.In conclusion, we found that the release of interferon-β after radiation increases with the radiation dose up to 20 Gy and that carbon ions have the potential to elicit a strong innate immune signaling.</subfield>
  </datafield>
  <datafield tag="536" ind1=" " ind2=" ">
    <subfield code="a">633 - Life Sciences – Building Blocks of Life: Structure and Function (POF4-633)</subfield>
    <subfield code="0">G:(DE-HGF)POF4-633</subfield>
    <subfield code="c">POF4-633</subfield>
    <subfield code="f">POF IV</subfield>
    <subfield code="x">0</subfield>
  </datafield>
  <datafield tag="536" ind1=" " ind2=" ">
    <subfield code="a">FAIR Phase-0 - FAIR Phase-0 Research Program (GSI-FAIR-Phase-0)</subfield>
    <subfield code="0">G:(Ds200)GSI-FAIR-Phase-0</subfield>
    <subfield code="c">GSI-FAIR-Phase-0</subfield>
    <subfield code="x">1</subfield>
  </datafield>
  <datafield tag="536" ind1=" " ind2=" ">
    <subfield code="a">SUC-GSI-Darmstadt - Strategic university cooperation GSI-TU Darmstadt (SUC-GSI-DA)</subfield>
    <subfield code="0">G:(DE-Ds200)SUC-GSI-DA</subfield>
    <subfield code="c">SUC-GSI-DA</subfield>
    <subfield code="x">2</subfield>
  </datafield>
  <datafield tag="536" ind1=" " ind2=" ">
    <subfield code="a">50WB2014 - Molekulare Grundlagen der Krebsentstehung durch kosmische Strahlung (BMWK-50WB2014)</subfield>
    <subfield code="0">G:(DE-Ds200)BMWK-50WB2014</subfield>
    <subfield code="c">BMWK-50WB2014</subfield>
    <subfield code="x">3</subfield>
  </datafield>
  <datafield tag="536" ind1=" " ind2=" ">
    <subfield code="a">02NUK054A - Verbundprojekt VERCHROMT II: Erkennung, Verarbeitung und biologische Konsequenzen von Chromatinschäden nach Teilchenbestrahlung II, Teilprojekt A (BMBF-02NUK054A)</subfield>
    <subfield code="0">G:(DE-Ds200)BMBF-02NUK054A</subfield>
    <subfield code="c">BMBF-02NUK054A</subfield>
    <subfield code="x">4</subfield>
  </datafield>
  <datafield tag="536" ind1=" " ind2=" ">
    <subfield code="a">BMBF-02NUK050A - Genetische Risiken und entzündungshemmende Wirkung von dicht-ionisierender alpha-Strahlung - Teilprojekt A (BMBF-02NUK050A)</subfield>
    <subfield code="0">G:(DE-Ds200)BMBF-02NUK050A</subfield>
    <subfield code="c">BMBF-02NUK050A</subfield>
    <subfield code="x">5</subfield>
  </datafield>
  <datafield tag="588" ind1=" " ind2=" ">
    <subfield code="a">Dataset connected to CrossRef, Journals: repository.gsi.de</subfield>
  </datafield>
  <datafield tag="693" ind1=" " ind2=" ">
    <subfield code="a">HTA</subfield>
    <subfield code="e">SBio_Jakob: Radiation-induced DNA damage responses in the context of LET, chromatin, and cell cycle  (POF3-315; HTA)</subfield>
    <subfield code="1">EXP:(DE-Ds200)HTA-20200803</subfield>
    <subfield code="0">EXP:(DE-Ds200)SBio_Jakob-20200803</subfield>
    <subfield code="5">EXP:(DE-Ds200)SBio_Jakob-20200803</subfield>
    <subfield code="x">0</subfield>
  </datafield>
  <datafield tag="693" ind1=" " ind2=" ">
    <subfield code="a">HTA</subfield>
    <subfield code="e">SBio_Fournier: Modulation of immune and inflammatory response by densely ionizing irradiation  (POF3-315; HTA)</subfield>
    <subfield code="1">EXP:(DE-Ds200)HTA-20200803</subfield>
    <subfield code="0">EXP:(DE-Ds200)SBio_Fournier-20200803</subfield>
    <subfield code="5">EXP:(DE-Ds200)SBio_Fournier-20200803</subfield>
    <subfield code="x">1</subfield>
  </datafield>
  <datafield tag="700" ind1="1" ind2=" ">
    <subfield code="a">Averbeck, Nicole B.</subfield>
    <subfield code="0">P:(DE-Ds200)OR2525</subfield>
    <subfield code="b">1</subfield>
  </datafield>
  <datafield tag="700" ind1="1" ind2=" ">
    <subfield code="a">Jakob, Burkhard</subfield>
    <subfield code="0">P:(DE-Ds200)OR0522</subfield>
    <subfield code="b">2</subfield>
  </datafield>
  <datafield tag="700" ind1="1" ind2=" ">
    <subfield code="a">Schork, Maik</subfield>
    <subfield code="0">P:(DE-Ds200)OR9110</subfield>
    <subfield code="b">3</subfield>
  </datafield>
  <datafield tag="700" ind1="1" ind2=" ">
    <subfield code="a">Volpi, Gaia</subfield>
    <subfield code="0">P:(DE-Ds200)OR11433</subfield>
    <subfield code="b">4</subfield>
  </datafield>
  <datafield tag="700" ind1="1" ind2=" ">
    <subfield code="a">Hintze, Dennis F.</subfield>
    <subfield code="0">P:(DE-Ds200)OR11088</subfield>
    <subfield code="b">5</subfield>
  </datafield>
  <datafield tag="700" ind1="1" ind2=" ">
    <subfield code="a">Durante, Marco</subfield>
    <subfield code="0">P:(DE-Ds200)OR2413</subfield>
    <subfield code="b">6</subfield>
  </datafield>
  <datafield tag="700" ind1="1" ind2=" ">
    <subfield code="a">Fournier, Claudia</subfield>
    <subfield code="0">P:(DE-Ds200)OR0311</subfield>
    <subfield code="b">7</subfield>
  </datafield>
  <datafield tag="700" ind1="1" ind2=" ">
    <subfield code="a">Helm, Alexander</subfield>
    <subfield code="0">P:(DE-Ds200)OR3001</subfield>
    <subfield code="b">8</subfield>
    <subfield code="e">Corresponding author</subfield>
  </datafield>
  <datafield tag="773" ind1=" " ind2=" ">
    <subfield code="a">10.1016/j.adro.2025.101783</subfield>
    <subfield code="g">Vol. 10, no. 6, p. 101783 -</subfield>
    <subfield code="0">PERI:(DE-600)2847724-8</subfield>
    <subfield code="n">6</subfield>
    <subfield code="p">101783</subfield>
    <subfield code="t">Advances in radiation oncology</subfield>
    <subfield code="v">10</subfield>
    <subfield code="y">2025</subfield>
    <subfield code="x">2452-1094</subfield>
  </datafield>
  <datafield tag="856" ind1="4" ind2=" ">
    <subfield code="u">http://repository.gsi.de/record/359584/files/1-s2.0-S2452109425000703-main.pdf</subfield>
    <subfield code="y">OpenAccess</subfield>
  </datafield>
  <datafield tag="856" ind1="4" ind2=" ">
    <subfield code="u">http://repository.gsi.de/record/359584/files/1-s2.0-S2452109425000703-main.pdf?subformat=pdfa</subfield>
    <subfield code="x">pdfa</subfield>
    <subfield code="y">OpenAccess</subfield>
  </datafield>
  <datafield tag="909" ind1="C" ind2="O">
    <subfield code="o">oai:repository.gsi.de:359584</subfield>
    <subfield code="p">openaire</subfield>
    <subfield code="p">open_access</subfield>
    <subfield code="p">OpenAPC</subfield>
    <subfield code="p">driver</subfield>
    <subfield code="p">VDB</subfield>
    <subfield code="p">openCost</subfield>
    <subfield code="p">dnbdelivery</subfield>
  </datafield>
  <datafield tag="910" ind1="1" ind2=" ">
    <subfield code="a">GSI Helmholtzzentrum für Schwerionenforschung GmbH</subfield>
    <subfield code="0">I:(DE-Ds200)20121206GSI</subfield>
    <subfield code="k">GSI</subfield>
    <subfield code="b">0</subfield>
    <subfield code="6">P:(DE-Ds200)OR10627</subfield>
  </datafield>
  <datafield tag="910" ind1="1" ind2=" ">
    <subfield code="a">GSI Helmholtzzentrum für Schwerionenforschung GmbH</subfield>
    <subfield code="0">I:(DE-Ds200)20121206GSI</subfield>
    <subfield code="k">GSI</subfield>
    <subfield code="b">1</subfield>
    <subfield code="6">P:(DE-Ds200)OR2525</subfield>
  </datafield>
  <datafield tag="910" ind1="1" ind2=" ">
    <subfield code="a">GSI Helmholtzzentrum für Schwerionenforschung GmbH</subfield>
    <subfield code="0">I:(DE-Ds200)20121206GSI</subfield>
    <subfield code="k">GSI</subfield>
    <subfield code="b">2</subfield>
    <subfield code="6">P:(DE-Ds200)OR0522</subfield>
  </datafield>
  <datafield tag="910" ind1="1" ind2=" ">
    <subfield code="a">GSI Helmholtzzentrum für Schwerionenforschung GmbH</subfield>
    <subfield code="0">I:(DE-Ds200)20121206GSI</subfield>
    <subfield code="k">GSI</subfield>
    <subfield code="b">3</subfield>
    <subfield code="6">P:(DE-Ds200)OR9110</subfield>
  </datafield>
  <datafield tag="910" ind1="1" ind2=" ">
    <subfield code="a">GSI Helmholtzzentrum für Schwerionenforschung GmbH</subfield>
    <subfield code="0">I:(DE-Ds200)20121206GSI</subfield>
    <subfield code="k">GSI</subfield>
    <subfield code="b">4</subfield>
    <subfield code="6">P:(DE-Ds200)OR11433</subfield>
  </datafield>
  <datafield tag="910" ind1="1" ind2=" ">
    <subfield code="a">GSI Helmholtzzentrum für Schwerionenforschung GmbH</subfield>
    <subfield code="0">I:(DE-Ds200)20121206GSI</subfield>
    <subfield code="k">GSI</subfield>
    <subfield code="b">5</subfield>
    <subfield code="6">P:(DE-Ds200)OR11088</subfield>
  </datafield>
  <datafield tag="910" ind1="1" ind2=" ">
    <subfield code="a">GSI Helmholtzzentrum für Schwerionenforschung GmbH</subfield>
    <subfield code="0">I:(DE-Ds200)20121206GSI</subfield>
    <subfield code="k">GSI</subfield>
    <subfield code="b">6</subfield>
    <subfield code="6">P:(DE-Ds200)OR2413</subfield>
  </datafield>
  <datafield tag="910" ind1="1" ind2=" ">
    <subfield code="a">GSI Helmholtzzentrum für Schwerionenforschung GmbH</subfield>
    <subfield code="0">I:(DE-Ds200)20121206GSI</subfield>
    <subfield code="k">GSI</subfield>
    <subfield code="b">7</subfield>
    <subfield code="6">P:(DE-Ds200)OR0311</subfield>
  </datafield>
  <datafield tag="910" ind1="1" ind2=" ">
    <subfield code="a">GSI Helmholtzzentrum für Schwerionenforschung GmbH</subfield>
    <subfield code="0">I:(DE-Ds200)20121206GSI</subfield>
    <subfield code="k">GSI</subfield>
    <subfield code="b">8</subfield>
    <subfield code="6">P:(DE-Ds200)OR3001</subfield>
  </datafield>
  <datafield tag="913" ind1="1" ind2=" ">
    <subfield code="a">DE-HGF</subfield>
    <subfield code="b">Forschungsbereich Materie</subfield>
    <subfield code="l">Von Materie zu Materialien und Leben</subfield>
    <subfield code="1">G:(DE-HGF)POF4-630</subfield>
    <subfield code="0">G:(DE-HGF)POF4-633</subfield>
    <subfield code="3">G:(DE-HGF)POF4</subfield>
    <subfield code="2">G:(DE-HGF)POF4-600</subfield>
    <subfield code="4">G:(DE-HGF)POF</subfield>
    <subfield code="v">Life Sciences – Building Blocks of Life: Structure and Function</subfield>
    <subfield code="x">0</subfield>
  </datafield>
  <datafield tag="914" ind1="1" ind2=" ">
    <subfield code="y">2025</subfield>
  </datafield>
  <datafield tag="915" ind1="p" ind2="c">
    <subfield code="a">APC keys set</subfield>
    <subfield code="0">PC:(DE-HGF)0000</subfield>
    <subfield code="2">APC</subfield>
  </datafield>
  <datafield tag="915" ind1="p" ind2="c">
    <subfield code="a">Local Funding</subfield>
    <subfield code="0">PC:(DE-HGF)0001</subfield>
    <subfield code="2">APC</subfield>
  </datafield>
  <datafield tag="915" ind1="p" ind2="c">
    <subfield code="a">DFG OA Publikationskosten</subfield>
    <subfield code="0">PC:(DE-HGF)0002</subfield>
    <subfield code="2">APC</subfield>
  </datafield>
  <datafield tag="915" ind1="p" ind2="c">
    <subfield code="a">DOAJ Journal</subfield>
    <subfield code="0">PC:(DE-HGF)0003</subfield>
    <subfield code="2">APC</subfield>
  </datafield>
  <datafield tag="915" ind1=" " ind2=" ">
    <subfield code="a">Creative Commons Attribution CC BY 4.0</subfield>
    <subfield code="0">LIC:(DE-HGF)CCBY4</subfield>
    <subfield code="2">HGFVOC</subfield>
  </datafield>
  <datafield tag="915" ind1=" " ind2=" ">
    <subfield code="a">OpenAccess</subfield>
    <subfield code="0">StatID:(DE-HGF)0510</subfield>
    <subfield code="2">StatID</subfield>
  </datafield>
  <datafield tag="915" ind1=" " ind2=" ">
    <subfield code="a">JCR</subfield>
    <subfield code="0">StatID:(DE-HGF)0100</subfield>
    <subfield code="2">StatID</subfield>
    <subfield code="b">ADV RADIAT ONCOL : 2022</subfield>
    <subfield code="d">2024-12-12</subfield>
  </datafield>
  <datafield tag="915" ind1=" " ind2=" ">
    <subfield code="a">DBCoverage</subfield>
    <subfield code="0">StatID:(DE-HGF)0200</subfield>
    <subfield code="2">StatID</subfield>
    <subfield code="b">SCOPUS</subfield>
    <subfield code="d">2024-12-12</subfield>
  </datafield>
  <datafield tag="915" ind1=" " ind2=" ">
    <subfield code="a">DBCoverage</subfield>
    <subfield code="0">StatID:(DE-HGF)0300</subfield>
    <subfield code="2">StatID</subfield>
    <subfield code="b">Medline</subfield>
    <subfield code="d">2024-12-12</subfield>
  </datafield>
  <datafield tag="915" ind1=" " ind2=" ">
    <subfield code="a">DBCoverage</subfield>
    <subfield code="0">StatID:(DE-HGF)0501</subfield>
    <subfield code="2">StatID</subfield>
    <subfield code="b">DOAJ Seal</subfield>
    <subfield code="d">2023-05-02T08:52:39Z</subfield>
  </datafield>
  <datafield tag="915" ind1=" " ind2=" ">
    <subfield code="a">DBCoverage</subfield>
    <subfield code="0">StatID:(DE-HGF)0500</subfield>
    <subfield code="2">StatID</subfield>
    <subfield code="b">DOAJ</subfield>
    <subfield code="d">2023-05-02T08:52:39Z</subfield>
  </datafield>
  <datafield tag="915" ind1=" " ind2=" ">
    <subfield code="a">Peer Review</subfield>
    <subfield code="0">StatID:(DE-HGF)0030</subfield>
    <subfield code="2">StatID</subfield>
    <subfield code="b">DOAJ : Double anonymous peer review</subfield>
    <subfield code="d">2023-05-02T08:52:39Z</subfield>
  </datafield>
  <datafield tag="915" ind1=" " ind2=" ">
    <subfield code="a">DBCoverage</subfield>
    <subfield code="0">StatID:(DE-HGF)0199</subfield>
    <subfield code="2">StatID</subfield>
    <subfield code="b">Clarivate Analytics Master Journal List</subfield>
    <subfield code="d">2024-12-12</subfield>
  </datafield>
  <datafield tag="915" ind1=" " ind2=" ">
    <subfield code="a">WoS</subfield>
    <subfield code="0">StatID:(DE-HGF)0112</subfield>
    <subfield code="2">StatID</subfield>
    <subfield code="b">Emerging Sources Citation Index</subfield>
    <subfield code="d">2024-12-12</subfield>
  </datafield>
  <datafield tag="915" ind1=" " ind2=" ">
    <subfield code="a">DBCoverage</subfield>
    <subfield code="0">StatID:(DE-HGF)0150</subfield>
    <subfield code="2">StatID</subfield>
    <subfield code="b">Web of Science Core Collection</subfield>
    <subfield code="d">2024-12-12</subfield>
  </datafield>
  <datafield tag="915" ind1=" " ind2=" ">
    <subfield code="a">IF &lt; 5</subfield>
    <subfield code="0">StatID:(DE-HGF)9900</subfield>
    <subfield code="2">StatID</subfield>
    <subfield code="d">2024-12-12</subfield>
  </datafield>
  <datafield tag="915" ind1=" " ind2=" ">
    <subfield code="a">Article Processing Charges</subfield>
    <subfield code="0">StatID:(DE-HGF)0561</subfield>
    <subfield code="2">StatID</subfield>
    <subfield code="d">2024-12-12</subfield>
  </datafield>
  <datafield tag="915" ind1=" " ind2=" ">
    <subfield code="a">Fees</subfield>
    <subfield code="0">StatID:(DE-HGF)0700</subfield>
    <subfield code="2">StatID</subfield>
    <subfield code="d">2024-12-12</subfield>
  </datafield>
  <datafield tag="920" ind1=" " ind2=" ">
    <subfield code="l">yes</subfield>
  </datafield>
  <datafield tag="920" ind1="1" ind2=" ">
    <subfield code="0">I:(DE-Ds200)BIO-20160831OR354</subfield>
    <subfield code="k">BIO</subfield>
    <subfield code="l">Biophysik</subfield>
    <subfield code="x">0</subfield>
  </datafield>
  <datafield tag="920" ind1="1" ind2=" ">
    <subfield code="0">I:(DE-Ds200)Coll-FAIR-BIO</subfield>
    <subfield code="k">BIO@FAIR</subfield>
    <subfield code="l">Collaboration FAIR: BIO</subfield>
    <subfield code="x">1</subfield>
  </datafield>
  <datafield tag="980" ind1=" " ind2=" ">
    <subfield code="a">journal</subfield>
  </datafield>
  <datafield tag="980" ind1=" " ind2=" ">
    <subfield code="a">VDB</subfield>
  </datafield>
  <datafield tag="980" ind1=" " ind2=" ">
    <subfield code="a">I:(DE-Ds200)BIO-20160831OR354</subfield>
  </datafield>
  <datafield tag="980" ind1=" " ind2=" ">
    <subfield code="a">I:(DE-Ds200)Coll-FAIR-BIO</subfield>
  </datafield>
  <datafield tag="980" ind1=" " ind2=" ">
    <subfield code="a">APC</subfield>
  </datafield>
  <datafield tag="980" ind1=" " ind2=" ">
    <subfield code="a">UNRESTRICTED</subfield>
  </datafield>
  <datafield tag="980" ind1="1" ind2=" ">
    <subfield code="a">APC</subfield>
  </datafield>
  <datafield tag="980" ind1="1" ind2=" ">
    <subfield code="a">FullTexts</subfield>
  </datafield>
</record>
</collection>